[Event "AUTO-MASTER-2321"]
[Site "http://www.queenalice.com/game.php?id=1368876"]
[Date "2015.7.1"]
[Round "1"]
[White "GMcruz"]
[Black "novoselic"]
[Result "1-0"]
[WhiteElo "2132"]
[BlackElo "1910"]

1. d4 Nf6 2. c4 e5 3. dxe5 Ng4 4. e4 Nxe5 5. f4 Bb4+ 6. Nc3 Bxc3+ 7. bxc3 Nec6
8. Nf3 O-O 9. Bd3 d6 10. O-O Bg4 11. Qe1 Nd7 12. Qg3 Bh5 13. Be3 f6 14. Rae1 Bf7
15. Nd4 Nb6 16. Nf5 Bg6 17. Bd4 Bxf5 18. exf5 Qd7 19. Re6 Rae8 20. Rfe1 Kf7 21.
Qh3 Nd8 22. Qh5+ Kg8 23. Rxe8 1-0

[Event "AUTO-MASTER-2236"]
[Site "http://www.queenalice.com/game.php?id=1369453"]
[Date "2015.7.4"]
[Round "2"]
[White "Mariahi"]
[Black "GMcruz"]
[Result "1-0"]
[WhiteElo "2296"]
[BlackElo "2154"]

1. f4 e5 2. fxe5 d6 3. exd6 Bxd6 4. Nf3 g5 5. g3 h5 6. d4 f6 7. Qd3 Ne7 8. Bg2
h4 9. gxh4 g4 10. Nfd2 Rxh4 11. Ne4 Bf5 12. Nxd6+ Qxd6 13. e4 1-0

[Event "AUTO-MASTER-2236"]
[Site "http://www.queenalice.com/game.php?id=1369454"]
[Date "2015.7.4"]
[Round "2"]
[White "GMcruz"]
[Black "Mariahi"]
[Result "0-1"]
[WhiteElo "2162"]
[BlackElo "2286"]

1. d4 d6 2. c4 Nf6 3. Nc3 g6 4. e4 Bg7 5. Nf3 O-O 6. Be2 c5 7. d5 a6 8. a4 Qc7
9. O-O Bg4 10. h3 Bxf3 11. Bxf3 Nbd7 0-1

[Event "zhiii00"]
[Site "http://www.queenalice.com/game.php?id=1379271"]
[Date "2015.8.23"]
[Round "2"]
[White "zhiii00"]
[Black "GMcruz"]
[Result "1-0"]
[WhiteElo "2245"]
[BlackElo "2026"]

1. d4 Nf6 2. c4 d5 3. Nf3 e6 4. g3 dxc4 5. Bg2 c5 6. O-O Nc6 7. e3 Be7 8. Qa4
O-O 9. Qxc4 cxd4 10. exd4 Bd7 11. Nc3 Rc8 12. Qe2 Qa5 13. Bd2 Qh5 14. Rad1 Rfd8
15. Rfe1 Be8 16. Bc1 a6 17. h3 h6 18. a3 Na5 19. g4 Qg6 20. Ne5 Qh7 21. Rd3 b5
22. Red1 Rc7 23. d5 exd5 24. Nxd5 Nxd5 25. Bxd5 Rdc8 26. Bd2 Nc4 27. Be4 g6 28.
Bf4 Nxe5 29. Bxe5 Rc2 30. R3d2 Rxd2 31. Rxd2 h5 32. gxh5 Qxh5 33. Qxh5 gxh5 34.
Bc3 Bc6 35. Bxc6 Rxc6 36. Rd3 h4 37. Kg2 Kf8 38. Kf3 Ke8 39. Kg4 Rg6+ 40. Kf5
Rg2 41. f4 Bc5 42. Bf6 Bb6 43. Rd6 Bc7 44. Rxa6 Rg3 45. Ra8+ Kd7 46. Rf8 Rxh3
47. Rxf7+ Kc6 48. Rh7 Bd6 49. Rxh4 Rf3 50. Ke4 Rf2 51. Bc3 Re2+ 52. Kf3 Rc2 53.
Bg7 Rc4 54. Rg4 Kd5 55. f5 Rc2 56. Rd4+ Kc5 57. Rd3 Rh2 58. f6 Be5 59. b4+ Kc4
60. Ke4 Re2+ 61. Re3 Rxe3+ 62. Kxe3 Kb3 63. Ke4 1-0

[Event "AUTO-MASTER-2321"]
[Site "http://www.queenalice.com/game.php?id=1390887"]
[Date "2015.10.26"]
[Round "2"]
[White "GMcruz"]
[Black "SubRoger"]
[Result "0-1"]
[WhiteElo "2081"]
[BlackElo "2114"]

1. e4 d5 2. exd5 Qxd5 3. Nc3 Qa5 4. d4 c6 5. Nf3 Nf6 6. Bc4 Bg4 7. O-O g6 8. h3
Bxf3 9. Qxf3 Bg7 10. Re1 e6 0-1

[Event "AUTO-OPEN-3477"]
[Site "http://www.queenalice.com/game.php?id=1401258"]
[Date "2015.12.30"]
[Round "2"]
[White "Dummer"]
[Black "GMcruz"]
[Result "1-0"]
[WhiteElo "2371"]
[BlackElo "2025"]

1. e4 e5 2. f4 exf4 3. Bc4 Qh4+ 4. Kf1 Nf6 5. Nf3 Qh5 6. Nc3 d6 7. d4 g5 8. h4
Bg4 9. Kf2 Bxf3 10. Qxf3 Ng4+ 11. Kg1 Nc6 12. Be2 Nxd4 13. Qxg4 Qxg4 14. Bxg4
Nxc2 15. Rb1 c6 16. hxg5 Ne3 17. Bxe3 fxe3 18. Nd1 Be7 19. Nxe3 Bxg5 20. Nf5 Rd8
21. Rd1 d5 22. exd5 cxd5 23. Bf3 O-O 24. Rxd5 Rxd5 25. Bxd5 Rd8 26. Rh5 Bf4 27.
Bxb7 1-0

[Event "AUTO-OPEN-3477"]
[Site "http://www.queenalice.com/game.php?id=1401259"]
[Date "2015.12.30"]
[Round "2"]
[White "GMcruz"]
[Black "Dummer"]
[Result "0-1"]
[WhiteElo "2045"]
[BlackElo "2369"]

1. e4 e5 2. Nf3 f5 3. exf5 e4 4. Ne5 Nf6 5. d4 d6 6. Qe2 dxe5 7. dxe5 Bxf5 8.
exf6 Qxf6 9. Nc3 Bb4 10. Bd2 Nc6 11. O-O-O O-O-O 12. Nxe4 Bxd2+ 13. Rxd2 Rxd2
14. Nxd2 Nd4 15. Qc4 Bxc2 16. Nf3 Qf4+ 17. Nd2 Bg6 18. Bd3 Qxf2 19. Rf1 Re8 0-1

[Event "AUTO-OPEN-3477"]
[Site "http://www.queenalice.com/game.php?id=1401262"]
[Date "2015.12.30"]
[Round "2"]
[White "greggy"]
[Black "GMcruz"]
[Result "1-0"]
[WhiteElo "2585"]
[BlackElo "2019"]

1. e4 c5 2. Nf3 g6 3. c3 Bg7 4. d4 b6 5. Bc4 e6 6. Na3 Nf6 7. e5 Ne4 8. d5 Bb7
9. O-O O-O 10. Re1 f5 11. exf6 Nxf6 12. dxe6 dxe6 13. Bxe6+ Kh8 14. Qxd8 Rxd8
15. Ne5 Re8 16. Nf7+ Kg8 17. Nd8+ 1-0

[Event "AUTO-OPEN-3477"]
[Site "http://www.queenalice.com/game.php?id=1401263"]
[Date "2015.12.30"]
[Round "2"]
[White "GMcruz"]
[Black "greggy"]
[Result "0-1"]
[WhiteElo "2017"]
[BlackElo "2586"]

1. e4 e5 2. Nf3 Nc6 3. Bc4 Nf6 4. Ng5 d5 5. exd5 Na5 6. Bb5+ c6 7. dxc6 bxc6 8.
Bd3 Nd5 9. Ne4 Be7 10. O-O f5 11. Ng3 O-O 12. f3 Bc5+ 13. Kh1 Qh4 14. Qe1 Rf6
15. Ne2 Qxh2+ 16. Kxh2 Rh6+ 17. Qh4 Rxh4+ 0-1

[Event "Pokerstars Gaudério Match 2016"]
[Site "http://www.queenalice.com/game.php?id=1402202"]
[Date "2016.1.4"]
[Round "-"]
[White "novoselic"]
[Black "GMcruz"]
[Result "1-0"]
[WhiteElo "2024"]
[BlackElo "2042"]

1. e4 c5 2. Nf3 d6 3. d4 cxd4 4. Qxd4 Nc6 5. Bb5 Bd7 6. Bxc6 Bxc6 7. Nc3 Nf6 8.
Bg5 e6 9. O-O-O Be7 10. e5 dxe5 11. Qxe5 Qb8 12. Qxb8+ Rxb8 13. Rhe1 O-O 14. Nd4
Bxg2 15. Rg1 Bh3 16. Rg3 Bf5 17. Re1 Bg6 18. f4 Bc5 19. Rd1 Rfd8 20. Nb3 Rxd1+
21. Nxd1 Rd8 22. Nxc5 b6 23. Nd3 Kf8 24. Ne5 Be4 25. Nc3 Bf5 26. Ng4 Ke7 27.
Bxf6+ gxf6 28. Ne3 Bg6 29. f5 exf5 30. Ncd5+ Ke6 31. Nf4+ Ke5 32. Nxg6+ hxg6 33.
Nc4+ Kf4 34. Ne3 g5 35. Ng2+ 1-0

[Event "Pokerstars Gauderio Match 2016"]
[Site "http://www.queenalice.com/game.php?id=1402203"]
[Date "2016.1.4"]
[Round "-"]
[White "GMcruz"]
[Black "novoselic"]
[Result "1-0"]
[WhiteElo "2028"]
[BlackElo "2049"]

1. e4 d6 2. d4 Nf6 3. Nc3 g6 4. Nf3 Bg7 5. Bd3 O-O 6. O-O c6 7. Re1 Bg4 8. h3
Bxf3 9. Qxf3 Nbd7 10. Bg5 c5 11. dxc5 Nxc5 12. Rad1 Ne6 13. Bc1 Rc8 14. e5 Ne8
15. Qxb7 Qc7 16. Qxc7 Rxc7 17. Nd5 Rc5 18. Nxe7+ Kh8 19. exd6 Nxd6 20. c3 Re8
21. Bb1 Rxe7 22. Rxd6 h5 23. g3 Re5 24. Red1 Kh7 25. Kg2 Bf6 26. Be3 Kg7 27. Ra6
Nc5 28. Ra5 Ne4 29. Rxa7 R7e6 30. a4 Nc5 31. Ba2 Rb6 32. b4 Ne4 33. Rxf7+ Kg8
34. Rxf6+ 1-0

[Event "Vamos jogar três ?"]
[Site "http://www.queenalice.com/game.php?id=1423913"]
[Date "2016.5.20"]
[Round "-"]
[White "frankcasadio"]
[Black "GMcruz"]
[Result "0-1"]
[WhiteElo "2089"]
[BlackElo "2023"]

1. e4 e5 2. Nf3 Nc6 3. Bc4 Nf6 4. Nc3 Bb4 5. d3 d6 6. Bg5 Be6 7. Bxe6 fxe6 8.
Qd2 Qd7 9. a3 Bc5 10. h3 O-O-O 11. b4 Bb6 12. b5 Ne7 13. a4 h6 14. Be3 Bxe3 15.
Qxe3 Kb8 16. a5 g5 17. b6 Ng6 18. bxa7+ Ka8 19. Kd2 g4 20. Nh2 gxh3 21. gxh3 d5
22. Qf3 Rhf8 23. Qg3 Nf4 24. Ng4 Qd6 25. Rhe1 d4 26. Ne2 Qb4+ 27. Kd1 Nxg4 28.
Qxg4 Nxd3 29. cxd3 Qb3+ 30. Kc1 Rd6 31. Nxd4 exd4 32. Qd1 Rc6+ 33. Kd2 Qb2+ 0-1